000 00449cam a2200169ua 4500
003 OSt
005 20260213113425.0
008 260213b |||||||| |||| 00| 0 eng d
020 _a81-85068-36-4
041 _aeng
082 _a028.7463
100 _a, .
_97866
245 0 0 _a15th Congress on Irrigation and Drainage Netherlands, 1993, Transactions, vol 1C /
260 _aNew Delhi :
_bICID.CIID ,
_c1993.
300 _a950-1319 ; .
942 _cBK
999 _c826
_d826